<?xml version="1.0" encoding="UTF-8"?>
<record
    xmlns:xsi="http://www.w3.org/2001/XMLSchema-instance"
    xsi:schemaLocation="http://www.loc.gov/MARC21/slim http://www.loc.gov/standards/marcxml/schema/MARC21slim.xsd"
    xmlns="http://www.loc.gov/MARC21/slim">

  <leader>00601nam a22001817a 4500</leader>
  <controlfield tag="003">UA-OsUOA</controlfield>
  <controlfield tag="001"> 8505 </controlfield>
  <controlfield tag="007">ta</controlfield>
  <controlfield tag="008">20040831b un ||||| |||| 00| 0 ukr d</controlfield>
  <datafield tag="100" ind1=" " ind2=" ">
    <subfield code="a">&#x417;&#x430;&#x433;&#x43E;&#x440;&#x456;&#x439; &#x412;.</subfield>
  </datafield>
  <datafield tag="942" ind1=" " ind2=" ">
    <subfield code="c">SA</subfield>
  </datafield>
  <datafield tag="040" ind1=" " ind2=" ">
    <subfield code="a">UA-OsUOA</subfield>
    <subfield code="c">UA-OsUOA</subfield>
    <subfield code="d">UA-OsUOA</subfield>
  </datafield>
  <datafield tag="245" ind1=" " ind2=" ">
    <subfield code="a">" &#x41D;&#x430;&#x448;&#x430; &#x441;&#x432;&#x456;&#x447;&#x43A;&#x430; &#x433;&#x43E;&#x440;&#x438;&#x442;&#x44C;... " : [ &#x41C;&#x456;&#x436;&#x43D;&#x430;&#x440;&#x43E;&#x434;&#x43D;&#x438;&#x439; &#x43A;&#x43E;&#x43D;&#x43A;&#x443;&#x440;&#x441; &#x437; &#x443;&#x43A;&#x440;&#x430;&#x457;&#x43D;&#x441;&#x44C;&#x43A;&#x43E;&#x457; &#x43C;&#x43E;&#x432;&#x438; &#x456;&#x43C;&#x435;&#x43D;&#x456; &#x41F;&#x435;&#x442;&#x440;&#x430; &#x42F;&#x446;&#x438;&#x43A;&#x430; ]</subfield>
  </datafield>
  <datafield tag="300" ind1=" " ind2=" ">
    <subfield code="a">&#x421;.1,4</subfield>
  </datafield>
  <datafield tag="955" ind1=" " ind2=" ">
    <subfield code="a">0</subfield>
  </datafield>
  <datafield tag="773" ind1="0" ind2=" ">
    <subfield code="w">0</subfield>
    <subfield code="t">&#x41B;&#x456;&#x442;&#x435;&#x440;&#x430;&#x442;&#x443;&#x440;&#x43D;&#x430; &#x423;&#x43A;&#x440;&#x430;&#x456;&#x43D;&#x430;</subfield>
    <subfield code="d">&#x41A;&#x438;&#x457;&#x432;</subfield>
    <subfield code="d">2004</subfield>
    <subfield code="g">&#x2116;32</subfield>
  </datafield>
  <datafield tag="650" ind1=" " ind2="7">
    <subfield code="a">&#x423;&#x43A;&#x440;&#x430;&#x457;&#x43D;&#x441;&#x44C;&#x43A;&#x430; &#x43C;&#x43E;&#x432;&#x430;</subfield>
    <subfield code="2">UDC</subfield>
  </datafield>
  <datafield tag="999" ind1=" " ind2=" ">
    <subfield code="c">294666</subfield>
    <subfield code="d">294666</subfield>
  </datafield>
</record>
